[Event "Oakville Winter op U2100"]
[Site "Oakville"]
[Date "2019.01.25"]
[Round "1.6"]
[White "Lauron, Ranel G"]
[Black "Chakkoli, Shiva"]
[Result "1-0"]
[WhiteElo "2094"]
[BlackElo "1862"]
[PlyCount "53"]
[EventDate "2019.01.25"]
[EventType "swiss"]
[EventRounds "5"]
[EventCountry "CAN"]
[SourceTitle "EXT 2022"]
[Source "ChessBase"]
[SourceDate "2021.10.06"]
[SourceVersion "1"]
[SourceVersionDate "2021.10.06"]
[SourceQuality "1"]

1. e4 e5 2. d4 exd4 3. Qxd4 Nc6 4. Qe3 b6 5. Nc3 g6 6. Bd2 Bg7 7. 0-0-0 Nge7 8. f4 d6 9. Nf3 Bg4 10. h3 Bxf3 11. gxf3 Qc8 12. Bc4 Na5 13. Bd3 Qe6 14. Qe2 c6 15. Kb1 0-0 16. h4 c5 17. Qh2 h5 18. Rhg1 c4 19. Be2 Nac6 20. f5 gxf5 21. Qg3 Qg6 22. Qh2 Qe6 23. Qg3 Qg6 24. Bg5 Be5 25. f4 Bg7 26. Bxh5 Qe6 27. Bxe7 1-0

[Event "Newmarket Aurora Fall op U2000"]
[Site "Newmarket"]
[Date "2018.10.21"]
[Round "4.7"]
[White "Chakkoli, Shiva"]
[Black "Yang, Brett"]
[Result "1-0"]
[WhiteElo "1666"]
[BlackElo "1459"]
[PlyCount "81"]
[EventDate "2018.10.20"]
[EventType "swiss"]
[EventRounds "5"]
[EventCountry "CAN"]
[SourceTitle "EXT 2022"]
[Source "ChessBase"]
[SourceDate "2021.10.06"]
[SourceVersion "1"]
[SourceVersionDate "2021.10.06"]
[SourceQuality "1"]

1. c4 e5 2. Nc3 Nf6 3. g3 g6 4. Bg2 Bg7 5. e4 0-0 6. Nge2 d6 7. d3 Be6 8. f4 Nc6 9. h3 Qc8 10. Nd5 exf4 11. Nexf4 Bxd5 12. cxd5 Ne5 13. d4 Ned7 14. 0-0 Re8 15. Qd3 h6 16. Bd2 Re7 17. Ne2 g5 18. Nc3 a6 19. g4 Nf8 20. Ne2 Ng6 21. Ng3 Nh4 22. Bc3 Nd7 23. Rac1 Qe8 24. Ba5 Nb6 25. Be1 Qa4 26. b4 Qxa2 27. Rf2 Qa4 28. Nh5 Rae8 29. Bd2 Nxg2 30. Kxg2 Qd7 31. Ng3 Qb5 32. Qf3 Bxd4 33. Rff1 Bg7 34. Nf5 Rd7 35. Nxg7 Kxg7 36. Qf6+ Kh7 37. Bc3 Qe2+ 38. Kg3 Rg8 39. Rf3 Qb5 40. h4 Rg6 41. Qh8# 1-0

[Event "Newmarket Aurora Fall op U2000"]
[Site "Newmarket"]
[Date "2018.10.20"]
[Round "3.7"]
[White "Qiao, Joey"]
[Black "Chakkoli, Shiva"]
[Result "1/2-1/2"]
[WhiteElo "1486"]
[BlackElo "1666"]
[PlyCount "70"]
[EventDate "2018.10.20"]
[EventType "swiss"]
[EventRounds "5"]
[EventCountry "CAN"]
[SourceTitle "EXT 2022"]
[Source "ChessBase"]
[SourceDate "2021.10.06"]
[SourceVersion "1"]
[SourceVersionDate "2021.10.06"]
[SourceQuality "1"]

1. e4 e5 2. Nf3 Nc6 3. Bc4 Be7 4. c3 Nf6 5. d3 0-0 6. 0-0 h6 7. Nbd2 d5 8. Bb3 Bg4 9. h3 Bh5 10. Re1 dxe4 11. dxe4 Bc5 12. Qe2 Qe7 13. Nf1 Rad8 14. Ng3 Bg6 15. Bc2 Rfe8 16. Be3 Nh5 17. Nxh5 Bxh5 18. Qc4 Bd6 19. Nd2 a6 20. Bd1 Bg6 21. Qe2 Qh4 22. f3 Kh8 23. Bc2 Rd7 24. Rad1 Red8 25. Nb3 Qe7 26. Rd2 Qe6 27. Red1 f5 28. exf5 Bxf5 29. Bxf5 Qxf5 30. Qf2 b6 31. Qf1 e4 32. f4 a5 33. Nd4 Nxd4 34. Bxd4 Bc5 35. Qf2 Bd6 1/2-1/2

[Event "Mississauga Golden Horseshoe op"]
[Site "Mississauga"]
[Date "2018.06.02"]
[Round "3"]
[White "Chakkoli, Shiva"]
[Black "Nemati, Omid"]
[Result "1/2-1/2"]
[WhiteElo "1696"]
[BlackElo "1662"]
[PlyCount "114"]
[EventDate "2018.06.02"]
[EventType "swiss"]
[EventRounds "5"]
[EventCountry "CAN"]
[SourceTitle "EXT 2019"]
[Source "ChessBase"]
[SourceDate "2018.10.10"]
[SourceVersion "1"]
[SourceVersionDate "2018.10.10"]
[SourceQuality "1"]

1. c4 c5 2. Nc3 Nc6 3. e4 g6 4. g3 Bg7 5. Bg2 d6 6. d3 e6 7. Nge2 Nge7 8. 0-0 0-0 9. f4 f5 10. Be3 Nd4 11. Qd2 Nec6 12. exf5 gxf5 13. Bf2 Qf6 14. Rab1 Rb8 15. Kh1 Bd7 16. a3 Nb3 17. Qd1 Ncd4 18. Nb5 Nxb5 19. Qxb3 Nd4 20. Nxd4 cxd4 21. Qb4 e5 22. Rbe1 Bc6 23. Qa5 Bxg2+ 24. Kxg2 a6 25. Qd5+ Kh8 26. c5 dxc5 27. fxe5 Qc6 28. Qxc6 bxc6 29. Re2 Rfe8 30. e6 Re7 31. Kf3 Bh6 32. b4 cxb4 33. Bxd4+ Bg7 34. Bc5 Ree8 35. Bxb4 Rbd8 36. Rd1 Bd4 37. e7 Rd5 38. Re6 a5 39. Bd6 Kg8 40. Rb1 Rb5 41. Rxb5 cxb5 42. Kf4 Kf7 43. Kxf5 Bc3 44. Re4 Bf6 45. Re6 Bxe7 46. Bxe7 Rxe7 47. Rxe7+ Kxe7 48. Ke5 b4 49. axb4 axb4 50. Kd4 Kd6 51. Kc4 Ke5 52. Kxb4 Kd4 53. Kb5 Kxd3 54. Kc5 Ke4 55. Kd6 Kf3 56. Ke6 Kg4 57. Kf6 h5 1/2-1/2

[Event "Aurora Spring op"]
[Site "Aurora"]
[Date "2018.03.25"]
[Round "5.10"]
[White "Chakkoli, Shiva"]
[Black "Ferreira, Alex"]
[Result "0-1"]
[WhiteElo "1671"]
[BlackElo "1933"]
[PlyCount "154"]
[EventDate "2018.03.24"]
[EventType "swiss"]
[EventRounds "5"]
[EventCountry "CAN"]
[SourceTitle "EXT 2022"]
[Source "ChessBase"]
[SourceDate "2021.10.06"]
[SourceVersion "1"]
[SourceVersionDate "2021.10.06"]
[SourceQuality "1"]

1. e4 e5 2. Nf3 Nc6 3. Bb5 Nf6 4. Bxc6 dxc6 5. d3 Bc5 6. h3 0-0 7. 0-0 Re8 8. Bg5 Qd6 9. Nbd2 b5 10. Kh2 h6 11. Be3 Bxe3 12. fxe3 c5 13. Qe1 Nh7 14. Qg3 Qg6 15. Qxg6 fxg6 16. Nh4 g5 17. Nf5 Bxf5 18. exf5 Nf6 19. a4 a6 20. e4 c4 21. dxc4 Rad8 22. Rf2 bxc4 23. c3 Rd3 24. Re2 g4 25. Nxc4 g3+ 26. Kg1 Red8 27. Kf1 Rd1+ 28. Rxd1 Rxd1+ 29. Re1 Rxe1+ 30. Kxe1 Nxe4 31. Nxe5 Nd6 32. a5 Nxf5 33. Ke2 Kf8 34. Kf3 Ke7 35. Nc6+ Kd6 36. Nb4 c5 37. Nxa6 Kc6 38. b4 cxb4 39. Nxb4+ Kb5 40. a6 Kb6 41. Kf4 g6 42. c4 h5 43. c5+ Ka7 44. c6 Kb6 45. Ke5 Ne3 46. Kd6 Nc4+ 47. Ke6 g5 48. Kd7 Ne5+ 49. Kc8 h4 50. c7 g4 51. Kb8 Nd7+ 52. Kc8 Nc5 53. Nd5+ Ka7 54. hxg4 h3 55. Nf4 h2 56. Kd8 h1Q 57. c8Q Qh8+ 58. Kc7 Nxa6+ 59. Kd7 Qd4+ 60. Ke6 Qxf4 61. Qd7+ Nc7+ 62. Ke7 Kb7 63. Qf5 Qe3+ 64. Kf7 Qe8+ 65. Kf6 Kc6 66. Kg5 Qe7+ 67. Kf4 Qd6+ 68. Qe5 Nd5+ 69. Ke4 Qb4+ 70. Kf5 Qf8+ 71. Kg5 Qd8+ 72. Kf5 Qf8+ 73. Kg5 Qf2 74. Qe8+ Kd6 75. Qb8+ Ke6 76. Qc8+ Ke5 77. Qb7 Qf6+ 0-1